000 01450nam a22002537a 4500
005 20110913152830.0
008 110913t xxu||||| |||| 00| 0 mar d
010 _aMAR-21344
020 _c180.00
_a9788184982831
035 _aMR-14002
037 _bDBAD/PUB
040 _aDPL
_bMR
082 _a616.99405
100 _934729
_aसर्व्हन,डेव्हिड
245 _aकॅन्सर रोखू या
_cडेव्हिड सर्व्हन ; वंदना अत्रे तथा चंद्रकांत संकलेचा द्वारा अनुवादित
_bएका सजग जीवन शेल्य सह /
246 _aCancer Rokhu Yaa : Eka Sajag Jeevan Shelly Saha
_bby David Servan
260 _aपुणे
_bमेहता पब्लिशिंग हाऊस
_c2011
270 _bपुणे
_a1941,सदाशिव पेठ,माडीवाले कॉलनी
_e411030
300 _aएकोणीस,184पृ.
_c21सेमी(अजिल्द)
700 _aअत्रे,वंदना
_934790
700 _aसंकलेचा,चंद्रकांत
_934791
942 _2ddc
_cMR
_mसर्व्हन
_h616.99405
999 _c56812
_d56812